Stanislav Rakús: Do Telegramu investoval tisícky hodín vyhral prestížnu literárnu cenu Anasoft litera

Bibliographic Details
Main Authors: Ogurčáková, Jana (Author, Interviewer), Rakús, Stanislav, 1940- (Author)
Format: Article
Language:Slovak
PhysicalDescription:Fotogr.
ISSN:1335-4566
1335-7573
Subjects:

MARC

LEADER 00000nab a2200000 a 4500
001 vtls010173521
003 SK-MaSNL
005 20260303194821.0
008 171110c20100928xo drz 0 0slo
038 |a KEVKJB 
040 |a KEVKJB  |b slo  |c KEVKJB  |e AACR2 
041 0 |a slo 
044 |a xo  |c SK 
080 |a 82-051:06.068  |2 2001 
100 1 |a Ogurčáková, Jana  |4 ivr  |4 aut  |9 835010 
245 1 0 |a Stanislav Rakús: Do Telegramu investoval tisícky hodín  |b vyhral prestížnu literárnu cenu Anasoft litera  |c Jana Ogurčáková 
300 |b Fotogr. 
600 1 7 |a Rakús, Stanislav,  |d 1940-  |t Mačacia krajina  |2 kevkjb  |9 152534 
611 2 7 |a Anasoft litera (literárna cena)  |y za r. 2010  |2 kevkjb  |9 1227309 
648 7 |a 2010  |2 kevkjb  |9 324355 
650 0 7 |a osobnosti  |2 snkbucl  |9 29820 
650 0 7 |a slovenská próza  |x literárne ceny  |y za r. 2010  |2 kevkjb  |9 1227310 
650 0 7 |a literárne ceny  |2 kevkjb  |9 72846 
650 0 7 |a rodáci  |2 kevkjb  |9 30842 
651 7 |a Košice (Slovensko)  |2 kevkjb  |9 18694 
651 7 |a Šúrovce (Slovensko)  |2 snkbucl  |9 81395 
655 7 |a rozhovory  |2 kevkjb  |9 31831 
700 1 |a Rakús, Stanislav,  |d 1940-  |4 ive  |4 aut  |9 102105 
773 0 |t Košický Korzár  |g Roč. XIII, č. 223 (28.9.2010), s. 6  |x 1335-4566 
773 0 |t Tatranský denník Korzár  |g Roč. XI, č. 223 (28.9.2010), s. 6  |x 1335-7573 
852 |a KEVKJB  |b KIS3GCP 
958 |a BX 
999 |c 2159673  |d 2161603